[Event "DVM U14 2011"]
[Site "Lingen (Ems) GER"]
[Date "2011.12.27"]
[Round "1"]
[White "Wendland, Tobias"]
[Black "Koop, Thorben"]
[Result "0-1"]
[Termination "normal"]
[Board "1.1"]
[WhiteElo "1621"]
[BlackElo "2099"]
[WhiteTeam "SV Backnang"]
[BlackTeam "SV Lingen 1959"]
[WhiteFideId "24662267"]
[BlackFideId "24661619"]
[EventCountry "GER"]
[EventRounds "7"]
[EventType "team-swiss"]
[EventDate "2011.12.26"]

1. d4 f5 2. c4 Nf6 3. Nc3 e6 4. Bf4 d6 5. Nf3 Be7 6. Rc1 O-O 7. e3 a5 8. Qb3
Nh5 9. Bg3 g5 10. h4 Nxg3 11. fxg3 g4 12. Nd2 Bf6 13. Kd1 c5 14. d5 e5 15. Kc2
e4 16. Kb1 Be5 17. Ne2 a4 18. Qa3 Qa5 19. Rc2 Na6 20. Nb3 Qb4 21. Nbc1 Qxa3 22.
bxa3 Bd7 23. Nf4 Nc7 24. h5 b5 25. cxb5 Bxb5 26. Bxb5 Nxb5 27. Ne6 Nxa3# 0-1

[Event "DVM U14 2011"]
[Site "Lingen (Ems) GER"]
[Date "2011.12.27"]
[Round "1"]
[White "Oehne, Timo"]
[Black "Maier, Lukas"]
[Result "1-0"]
[Termination "normal"]
[Board "1.2"]
[WhiteElo "1809"]
[BlackElo "1503"]
[WhiteTeam "SV Lingen 1959"]
[BlackTeam "SV Backnang"]
[WhiteFideId "24661635"]
[BlackFideId "12946184"]
[EventCountry "GER"]
[EventRounds "7"]
[EventType "team-swiss"]
[EventDate "2011.12.26"]

1. e4 e5 2. f4 exf4 3. Nf3 Nc6 4. d4 d5 5. e5 Bg4 6. c3 g5 7. Be2 f6 8. exf6
Qxf6 9. Nbd2 Nge7 10. h4 h6 11. b4 Nf5 12. Nf1 Bg7 13. hxg5 hxg5 14. Rxh8+ Bxh8
15. b5 Nce7 16. Ne5 Bxe2 17. Qxe2 O-O-O 18. Bd2 Re8 19. O-O-O Kd8 20. Qh5 Ng7
21. Nf7+ Kd7 22. Qh3+ Ngf5 23. Ne5+ Kd8 24. g3 fxg3 25. Nxg3 Nxg3 26. Qd7# 1-0

[Event "DVM U14 2011"]
[Site "Lingen (Ems) GER"]
[Date "2011.12.27"]
[Round "1"]
[White "Soos, Philipp"]
[Black "Bach, Jannik"]
[Result "0-1"]
[Termination "normal"]
[Board "1.3"]
[WhiteElo "1561"]
[BlackElo "1832"]
[WhiteTeam "SV Backnang"]
[BlackTeam "SV Lingen 1959"]
[WhiteFideId "12943967"]
[BlackFideId "24615900"]
[EventCountry "GER"]
[EventRounds "7"]
[EventType "team-swiss"]
[EventDate "2011.12.26"]

1. e4 c6 2. d4 d5 3. e5 Bf5 4. g4 Be4 5. f3 Bg6 6. Bd2 e6 7. h4 h5 8. g5 Qb6 9.
Bc3 c5 10. Ne2 Nc6 11. Qd2 Rc8 12. a4 cxd4 13. Nxd4 Nxe5 14. Bb5+ Nd7 15. Bxd7+
Kxd7 16. a5 Qc7 17. Kd1 a6 18. b4 Bd6 19. b5 Ne7 20. b6 Qc4 21. Qe2 e5 22. Qxc4
Rxc4 23. Ne2 Nf5 24. Bd2 Rxh4 0-1

[Event "DVM U14 2011"]
[Site "Lingen (Ems) GER"]
[Date "2011.12.27"]
[Round "1"]
[White "Vonhoff, Nils"]
[Black "Zouani, Samir"]
[Result "1-0"]
[Termination "normal"]
[Board "1.4"]
[WhiteElo "1787"]
[BlackElo "1360"]
[WhiteTeam "SV Lingen 1959"]
[BlackTeam "SV Backnang"]
[WhiteFideId "24692301"]
[BlackFideId "12946206"]
[EventCountry "GER"]
[EventRounds "7"]
[EventType "team-swiss"]
[EventDate "2011.12.26"]

1. e4 e5 2. Nf3 Nc6 3. Bc4 Bc5 4. d3 Nf6 5. O-O O-O 6. c3 d6 7. a4 a6 8. b4 Ba7
9. Qb3 Bg4 10. Nbd2 h6 11. Bb2 Qd7 12. Rae1 Rae8 13. Qc2 Be6 14. b5 Na5 15.
Bxe6 Qxe6 16. c4 c6 17. Bc3 Bb6 18. Rb1 Bc7 19. b6 Bb8 20. Bxa5 d5 21. Bb4 Bd6
22. Bxd6 Qxd6 23. c5 Qe7 24. Rfe1 d4 25. Nb3 Nd7 26. Rbc1 Rb8 27. g3 g6 28. Qc4
Kg7 29. Kg2 f6 30. Nfd2 Qf7 31. Qxf7+ Rxf7 32. Nc4 f5 33. exf5 Rxf5 34. Nd6 Rh5
35. Na5 e4 36. Nxe4 Ne5 37. Red1 Nd7 38. g4 Rd5 39. f4 Nf6 40. Kf3 Nxe4 41.
dxe4 Rd7 42. Nc4 d3 43. Nd6 a5 44. e5 Re7 45. Rxd3 Rf8 46. Ke4 g5 47. Nf5+ Rxf5
48. gxf5 gxf4 49. f6+ Kf7 50. Rg1 Re8 51. h3 h5 52. Rg7+ Kf8 53. Rxb7 h4 54.
Rc7 f3 55. Rxf3 Re6 56. b7 Re8 57. Rxc6 Rb8 58. Rc8+ Rxc8 59. bxc8=N Kf7 60.
e6+ Kg6 61. Ne7+ Kg5 62. Rf5+ Kh6 1-0

[Event "DVM U14 2011"]
[Site "Lingen (Ems) GER"]
[Date "2011.12.27"]
[Round "1"]
[White "Kramer, Julian"]
[Black "Beeck, Mats"]
[Result "1-0"]
[Termination "normal"]
[Board "2.1"]
[WhiteElo "2047"]
[BlackElo "1671"]
[WhiteTeam "Hamburger SK von 1830"]
[BlackTeam "SK Doppelbauer Kiel"]
[WhiteFideId "12921742"]
[BlackFideId "12936944"]
[EventCountry "GER"]
[EventRounds "7"]
[EventType "team-swiss"]
[EventDate "2011.12.26"]

1. e4 c5 2. Nf3 d6 3. d4 cxd4 4. Nxd4 Nf6 5. Nc3 g6 6. Be3 Bg7 7. f3 Nc6 8. Qd2
O-O 9. Bc4 Bd7 10. O-O-O Rb8 11. Bb3 Na5 12. h4 b5 13. Kb1 Nc4 14. Bxc4 bxc4
15. Ka1 h5 16. Qc1 Qa5 17. g4 hxg4 18. h5 Nxh5 19. Rdg1 Rfe8 20. fxg4 Nf4 21.
Bxf4 Bxd4 22. Rg3 Rb6 23. Qd2 Bg7 24. Qh2 g5 25. Bc1 Reb8 26. Rh3 f6 27. a3 Qe5
28. Rh8+ Kf7 29. Qh5+ Ke6 30. Rxb8 Rxb8 31. Qg6 Bf8 32. Qg8# 1-0

[Event "DVM U14 2011"]
[Site "Lingen (Ems) GER"]
[Date "2011.12.27"]
[Round "1"]
[White "Wanner, Lukas"]
[Black "Hinrichs, Lars"]
[Result "1/2-1/2"]
[Termination "normal"]
[Board "2.2"]
[WhiteElo "1594"]
[BlackElo "1900"]
[WhiteTeam "SK Doppelbauer Kiel"]
[BlackTeam "Hamburger SK von 1830"]
[WhiteFideId "12918148"]
[BlackFideId "12921769"]
[EventCountry "GER"]
[EventRounds "7"]
[EventType "team-swiss"]
[EventDate "2011.12.26"]

1. e4 c5 2. Nf3 Nf6 3. Nc3 d5 4. exd5 Nxd5 5. Bb5+ Bd7 6. Ne5 Bxb5 7. Qf3 f6 8.
Nxb5 Na6 9. Qh5+ g6 10. Nxg6 hxg6 11. Qxh8 Qd7 12. Nc3 Qe6+ 13. Kd1 Qg4+ 14.
Ne2 Nf4 15. Re1 Nxg2 16. Rf1 Nf4 17. Re1 Nb4 18. Qg8 Nxe2 19. Rxe2 Nxc2 20.
Kxc2 Qxe2 21. Qxg6+ Kd7 22. Qd3+ Qxd3+ 23. Kxd3 Bh6 24. Ke4 Ke6 25. d4 f5+ 26.
Kd3 Bxc1 27. Rxc1 cxd4 28. Kxd4 Rh8 29. Rc7 Rh4+ 30. Ke3 Rb4 31. b3 Kf6 32. f4
e5 33. fxe5+ Kxe5 1/2-1/2

[Event "DVM U14 2011"]
[Site "Lingen (Ems) GER"]
[Date "2011.12.27"]
[Round "1"]
[White "Sander, Jean Louis"]
[Black "Andreßen, Kay"]
[Result "1-0"]
[Termination "normal"]
[Board "2.3"]
[WhiteElo "1816"]
[BlackElo "1381"]
[WhiteTeam "Hamburger SK von 1830"]
[BlackTeam "SK Doppelbauer Kiel"]
[WhiteFideId "12903280"]
[EventCountry "GER"]
[EventRounds "7"]
[EventType "team-swiss"]
[EventDate "2011.12.26"]

1. e4 e5 2. Nf3 Nc6 3. d4 exd4 4. Nxd4 Bc5 5. Be3 Qf6 6. c3 Nge7 7. g3 d5 8.
Bg2 dxe4 9. Bxe4 Bxd4 10. cxd4 Bh3 11. Nc3 Rd8 12. d5 Ne5 13. f4 Ng4 14. Bd4
Qh6 15. Qe2 O-O 16. O-O-O f5 17. Bf3 Rfe8 18. Qc4 Kh8 19. Qxc7 Nf6 20. Rhe1 Rd7
21. Qa5 b6 22. Qb5 Red8 23. Bh1 Bg4 24. Rd2 Qg6 25. Be5 a6 26. Qxa6 Nexd5 27.
Bxd5 Nxd5 28. Rxd5 Rxd5 29. Nxd5 Qc6+ 30. Nc3 Ra8 31. Qb5 Qxb5 32. Nxb5 Rxa2
33. Bc7 h6 34. Bxb6 g5 35. Nc3 Ra8 36. b4 Rc8 37. Kb2 gxf4 38. gxf4 Rc4 39. Nd5
Bf3 40. Re8+ Kh7 41. Re7+ Kg6 42. Re6+ Kf7 43. Nc7 Rxb4+ 44. Kc3 Rxf4 45. Rxh6
Be4 46. Nb5 Rf3+ 47. Kd4 Rd3+ 48. Kc4 Rd1 49. Nc3 Rc1 50. Be3 Rc2 51. Ra6 Rxh2
52. Nxe4 fxe4 53. Kd4 Rh4 54. Ke5 Rg4 55. Kf5 Rh4 56. Ra7+ Kf8 57. Bf4 e3 58.
Bxe3 Rh1 59. Bc5+ Ke8 60. Bd6 Rh5+ 61. Ke6 Rh6+ 62. Kd5 Rh5+ 63. Be5 Rh1 64.
Ke6 Rh6+ 65. Bf6 1-0

[Event "DVM U14 2011"]
[Site "Lingen (Ems) GER"]
[Date "2011.12.27"]
[Round "1"]
[White "Knopf, Felix"]
[Black "Flüchter, Gregor"]
[Result "0-1"]
[Termination "normal"]
[Board "3.1"]
[WhiteElo "1802"]
[BlackElo "1916"]
[WhiteTeam "SV Merseburg"]
[BlackTeam "SF Brackel 30"]
[WhiteFideId "24692204"]
[BlackFideId "12903396"]
[EventCountry "GER"]
[EventRounds "7"]
[EventType "team-swiss"]
[EventDate "2011.12.26"]

1. d4 d5 2. c4 c6 3. Nc3 Nf6 4. Nf3 dxc4 5. Ne5 Bf5 6. Nxc4 e6 7. Bf4 Nd5 8.
Be5 Nd7 9. Nd6+ Bxd6 10. Bxd6 N7f6 11. Bc5 Qa5 12. Qb3 Rb8 13. Rc1 Bg6 14. e3
Ne4 15. Qa3 Qxa3 16. Bxa3 Kd7 17. Na4 Rhd8 18. Be2 Ke8 19. O-O b5 20. f3 Nef6
21. e4 Nf4 22. Bd1 bxa4 23. Rxc6 Rbc8 24. Rxc8 Rxc8 25. g3 N4h5 26. Bxa4+ Nd7
27. e5 Bd3 28. Rf2 g6 29. Rd2 Bc4 30. Rc2 Ba6 31. Bc5 Rc7 32. b4 Kd8 33. b5
Nxc5 34. dxc5 Bc8 35. c6 Ng7 36. g4 Re7 37. Bb3 Kc7 38. a4 Kb6 39. Rd2 a6 40.
Bc4 axb5 41. axb5 Re8 42. Kf2 Kc7 43. Ra2 Kb6 44. Rd2 h5 45. Kg3 Rf8 46. Rd4
Kc5 47. Rf4 hxg4 48. fxg4 Ne8 49. h4 Nc7 50. Bd3 Nd5 51. Rf3 Ne7 52. Kf2 Kd4
53. b6 Nxc6 54. Bxg6 Nxe5 55. Rf4+ Kc5 56. Be4 Kxb6 57. g5 Rg8 58. Ke3 Kc5 59.
Rf1 Kd6 60. Kf4 Ng6+ 61. Kg3 Ke7 62. h5 Ne5 63. Kf4 Nc4 64. g6 fxg6 65. hxg6
Rf8+ 0-1

[Event "DVM U14 2011"]
[Site "Lingen (Ems) GER"]
[Date "2011.12.27"]
[Round "1"]
[White "Birnkraut, Tim"]
[Black "Hoffmann, Dustin"]
[Result "1/2-1/2"]
[Termination "normal"]
[Board "3.2"]
[WhiteElo "1729"]
[BlackElo "1687"]
[WhiteTeam "SF Brackel 30"]
[BlackTeam "SV Merseburg"]
[WhiteFideId "24609587"]
[BlackFideId "1270566"]
[EventCountry "GER"]
[EventRounds "7"]
[EventType "team-swiss"]
[EventDate "2011.12.26"]

1. e4 c5 2. c4 Nc6 3. Ne2 g6 4. d4 Bg7 5. d5 Nd4 6. Nxd4 cxd4 7. Be2 d6 8. O-O
e5 9. Qd3 f5 10. Bf3 Nf6 11. Bg5 O-O 12. Nd2 Qc7 13. Bxf6 Rxf6 14. g3 f4 15. g4
Bd7 16. h3 g5 17. Bg2 a6 18. f3 Rff8 19. Rfc1 Rfc8 20. b4 b6 21. Bf1 a5 22. a3
h6 23. Kg2 Kf7 24. Qb3 a4 25. Qd3 Qa7 26. Qc2 Rc7 27. Qa2 Rac8 28. Rc2 Bf8 29.
Rac1 Kg7 30. Bd3 Be7 31. Kh2 h5 32. Kg2 h4 33. Kh2 Kh6 34. Kg2 Kg7 35. Kh2 Kh6
36. Kg2 Kg7 1/2-1/2

[Event "DVM U14 2011"]
[Site "Lingen (Ems) GER"]
[Date "2011.12.27"]
[Round "1"]
[White "Le Hong, Quang Anh"]
[Black "Golosnyak, Alexander"]
[Result "0-1"]
[Termination "normal"]
[Board "3.3"]
[WhiteElo "1309"]
[BlackElo "1781"]
[WhiteTeam "SV Merseburg"]
[BlackTeam "SF Brackel 30"]
[WhiteFideId "12927589"]
[BlackFideId "24659703"]
[EventCountry "GER"]
[EventRounds "7"]
[EventType "team-swiss"]
[EventDate "2011.12.26"]

1. Nf3 b5 2. d4 Bb7 3. Bf4 e6 4. e3 a6 5. Bd3 f5 6. Nbd2 Nf6 7. O-O c5 8. c4 b4
9. Qc2 Be7 10. dxc5 Bxc5 11. e4 g6 12. exf5 gxf5 13. Rfe1 O-O 14. Nb3 Be7 15.
h3 Rf7 16. Nbd4 Nc6 17. Qd2 Nxd4 18. Nxd4 Rg7 19. Bg3 Nh5 20. Ne2 Bc5 21. Kf1
Qb6 22. Ng1 Rxg3 23. fxg3 Nxg3# 0-1

[Event "DVM U14 2011"]
[Site "Lingen (Ems) GER"]
[Date "2011.12.27"]
[Round "1"]
[White "Wastian, Jan"]
[Black "Handke, Moritz"]
[Result "0-1"]
[Termination "normal"]
[Board "3.4"]
[WhiteElo "1610"]
[BlackElo "1272"]
[WhiteTeam "SF Brackel 30"]
[BlackTeam "SV Merseburg"]
[WhiteFideId "12911640"]
[BlackFideId "12946222"]
[EventCountry "GER"]
[EventRounds "7"]
[EventType "team-swiss"]
[EventDate "2011.12.26"]

1. e4 e5 2. Nf3 Nc6 3. Bc4 Bc5 4. c3 Nf6 5. b4 Bb6 6. d3 d6 7. O-O O-O 8. a4 a6
9. h3 Ne7 10. Qc2 Ng6 11. Re1 h6 12. Ba3 Nh5 13. Nbd2 Qf6 14. Qd1 Ngf4 15. Kh2
Bxf2 16. Rf1 Bg3+ 17. Kh1 Qg6 18. Ra2 Nf6 19. Nh2 Bxh2 20. g4 Bg3 21. Nf3 Bxg4
22. hxg4 Nxg4 23. Bc1 Qh5+ 24. Kg1 Qh3 25. Bxf4 exf4 26. Qe2 Ne3 27. Rb1 g5 28.
Rbb2 g4 29. Nd4 h5 30. Nf5 Nxf5 31. exf5 f3 32. Qe3 f2+ 33. Rxf2 Bh2+ 34. Rxh2
Qxe3+ 35. Kh1 Qf3+ 36. Kg1 Qxf5 37. Rhg2 Rae8 38. Raf2 Qg5 0-1

[Event "DVM U14 2011"]
[Site "Lingen (Ems) GER"]
[Date "2011.12.27"]
[Round "1"]
[White "Peczely, Sebastian Zsombor"]
[Black "Imcke, Patrick"]
[Result "1-0"]
[Termination "normal"]
[Board "4.1"]
[WhiteElo "2031"]
[BlackElo "1848"]
[WhiteTeam "SG Leipzig"]
[BlackTeam "Sportfreunde Katernberg 1913"]
[WhiteFideId "750964"]
[BlackFideId "4622502"]
[EventCountry "GER"]
[EventRounds "7"]
[EventType "team-swiss"]
[EventDate "2011.12.26"]

1. e4 e6 2. d4 d5 3. Nc3 Nf6 4. Bg5 Bb4 5. e5 h6 6. Bd2 Bxc3 7. bxc3 Ne4 8. Qg4
Kf8 9. Bd3 Nxd2 10. Kxd2 c5 11. h4 Nc6 12. Rh3 c4 13. Be2 b5 14. Rg3 Rg8 15.
Nh3 Ne7 16. h5 a5 17. Qf4 b4 18. Rf3 bxc3+ 19. Kxc3 Nf5 20. Rb1 Bd7 21. g4 Rb8
22. Rxb8 Qxb8 23. a3 Qb1 24. Kd2 Ba4 25. Bd1 c3+ 26. Rxc3 Ne7 27. Qf3 Nc6 28.
Qf4 Qb6 29. Rf3 Qa7 30. c3 Bxd1 31. Kxd1 Ke8 32. g5 hxg5 33. Nxg5 Nd8 34. Qg4
Qb7 35. Kc2 a4 36. c4 dxc4 37. Ne4 Kf8 38. h6 Nc6 39. Nc5 gxh6 40. Nxe6+ Ke7
41. Qxg8 Nb4+ 42. axb4 Qe4+ 43. Kd2 Qxf3 44. Qg3 c3+ 45. Kc1 Qh1+ 46. Kc2 Kxe6
47. Qxc3 Qe4+ 48. Kb2 Qe2+ 49. Ka3 Qd1 50. b5 h5 51. b6 Qg1 52. Qc6+ Kf5 53.
Kxa4 Qa1+ 54. Kb5 Qxd4 55. b7 Qb2+ 56. Ka6 Qa3+ 57. Kb6 Qb2+ 58. Qb5 Qd4+ 59.
Kc7 Qc3+ 60. Kd8 1-0

[Event "DVM U14 2011"]
[Site "Lingen (Ems) GER"]
[Date "2011.12.27"]
[Round "1"]
[White "Dette, Tim"]
[Black "Kreyssig, Robert"]
[Result "0-1"]
[Termination "normal"]
[Board "4.2"]
[WhiteElo "1553"]
[BlackElo "1895"]
[WhiteTeam "Sportfreunde Katernberg 1913"]
[BlackTeam "SG Leipzig"]
[WhiteFideId "12946249"]
[BlackFideId "4662881"]
[EventCountry "GER"]
[EventRounds "7"]
[EventType "team-swiss"]
[EventDate "2011.12.26"]

1. e4 c5 2. d4 cxd4 3. c3 dxc3 4. Nxc3 e6 5. Nf3 a6 6. Be2 Ne7 7. O-O Ng6 8.
Be3 b5 9. Bd3 Bb7 10. Re1 Be7 11. Rc1 O-O 12. Qe2 Nc6 13. Red1 Rc8 14. Bb1 Nce5
15. Nd2 Nc4 16. Nxc4 Rxc4 17. Rd4 Ne5 18. b3 Rxd4 19. Bxd4 Nc6 20. Be3 Qa5 21.
Nd1 Rc8 22. Qd2 Qxd2 23. Bxd2 Nd4 24. Rxc8+ Bxc8 25. Ne3 Bb7 26. f3 Bc5 27. Kf1
Nc6 28. Ke2 Bb4 29. Bxb4 Nxb4 30. a3 Nc6 31. b4 Kf8 32. Ba2 Ke7 33. g3 Ne5 34.
Bb3 d6 35. Ba2 Nd7 36. Bb3 Nb6 37. Ba2 g6 38. Bb3 d5 0-1

[Event "DVM U14 2011"]
[Site "Lingen (Ems) GER"]
[Date "2011.12.27"]
[Round "1"]
[White "Kreyssig, Bruno"]
[Black "Marvani, Arman"]
[Result "1-0"]
[Termination "normal"]
[Board "4.3"]
[WhiteElo "1646"]
[BlackElo "1313"]
[WhiteTeam "SG Leipzig"]
[BlackTeam "Sportfreunde Katernberg 1913"]
[WhiteFideId "4692489"]
[BlackFideId "12936731"]
[EventCountry "GER"]
[EventRounds "7"]
[EventType "team-swiss"]
[EventDate "2011.12.26"]

1. e4 e6 2. d4 d5 3. Nd2 Nf6 4. e5 Nfd7 5. f4 c5 6. c3 Qh4+ 7. g3 Qd8 8. Ndf3
Qb6 9. Ne2 Nc6 10. Bg2 Be7 11. O-O O-O 12. b3 f6 13. Be3 f5 14. c4 dxc4 15.
bxc4 cxd4 16. Nexd4 Nc5 17. Nb3 Qb4 18. Qc2 b6 19. Nfd4 Nxd4 20. Nxd4 Ne4 21.
Bxe4 fxe4 22. Qxe4 Bd7 23. Nc6 Bxc6 24. Qxc6 Rac8 25. Qxe6+ Kh8 26. a3 Qxc4 27.
Qxe7 1-0

[Event "DVM U14 2011"]
[Site "Lingen (Ems) GER"]
[Date "2011.12.27"]
[Round "1"]
[White "Schimnatkowski, Lukas"]
[Black "Waschischeck, Tom"]
[Result "0-1"]
[Termination "normal"]
[Board "4.4"]
[WhiteElo "1338"]
[BlackElo "1464"]
[WhiteTeam "Sportfreunde Katernberg 1913"]
[BlackTeam "SG Leipzig"]
[WhiteFideId "12936723"]
[BlackFideId "12931780"]
[EventCountry "GER"]
[EventRounds "7"]
[EventType "team-swiss"]
[EventDate "2011.12.26"]

1. e4 e6 2. d4 d5 3. Nc3 Nf6 4. e5 Nfd7 5. f4 c5 6. Nf3 Nc6 7. Ne2 Be7 8. c3 f6
9. a3 O-O 10. b4 fxe5 11. fxe5 cxd4 12. cxd4 Bh4+ 13. Ng3 Nb6 14. Bd3 Bd7 15.
Qc2 h5 16. O-O Rc8 17. Qb1 Be8 18. Ra2 Be7 19. Raf2 Qd7 20. Bg6 h4 21. Nxh4
Bxg6 22. Rxf8+ Rxf8 23. Rxf8+ Bxf8 24. Nxg6 Nxd4 25. Be3 Nc6 26. Qf1 Qe8 27.
Qd3 Nc4 28. Bf4 Nxa3 29. Nh5 Bxb4 30. Nf6+ gxf6 31. exf6 Bc5+ 32. Kh1 Qf7 33.
Qg3 Kh7 34. Qh3+ Kxg6 35. Qg3+ Kf5 36. Qf3 Ne5 37. Qf1 Qxf6 38. Bg3+ Kg6 39.
Qd1 Bf2 40. Bxe5 Qxe5 41. Qg4+ Kf7 42. Qf3+ Qf5 43. Qxa3 Qb1+ 44. Qc1 Qxc1# 0-1

[Event "DVM U14 2011"]
[Site "Lingen (Ems) GER"]
[Date "2011.12.27"]
[Round "1"]
[White "Lindner, Ferdinand"]
[Black "Schmücker, Felix"]
[Result "0-1"]
[Termination "normal"]
[Board "5.1"]
[WhiteElo "1628"]
[BlackElo "2062"]
[WhiteTeam "SV Medizin Erfurt"]
[BlackTeam "BSG Grün-Weiß Leipzig"]
[WhiteFideId "1270769"]
[BlackFideId "12900273"]
[EventCountry "GER"]
[EventRounds "7"]
[EventType "team-swiss"]
[EventDate "2011.12.26"]

1. e4 c5 2. d4 cxd4 3. c3 d5 4. exd5 Qxd5 5. cxd4 e6 6. Nc3 Qd6 7. Nf3 Nf6 8.
Bc4 a6 9. O-O b5 10. Bb3 Be7 11. Re1 Bb7 12. Bg5 O-O 13. d5 exd5 14. Nxd5 Bxd5
15. Bxd5 Ra7 16. Bb3 Qb6 17. Be3 Bc5 18. Bxc5 Qxc5 19. Rc1 Qb6 20. Ne5 Nbd7 21.
Nxf7 Nc5 22. Ne5+ Kh8 23. Qd4 Rc7 24. Qe3 Qa5 25. Qh3 Nxb3 26. Qxb3 Qd2 27.
Rcd1 Qf4 28. g3 Qf5 29. Nf7+ Rcxf7 30. Qxf7 Rxf7 31. Rd8+ Ng8 32. Ree8 Qxf2+
0-1

[Event "DVM U14 2011"]
[Site "Lingen (Ems) GER"]
[Date "2011.12.27"]
[Round "1"]
[White "Richter, Leonard"]
[Black "Nguyen, Huy Dat"]
[Result "1-0"]
[Termination "normal"]
[Board "5.2"]
[WhiteElo "1846"]
[BlackElo "1744"]
[WhiteTeam "BSG Grün-Weiß Leipzig"]
[BlackTeam "SV Medizin Erfurt"]
[WhiteFideId "12900290"]
[BlackFideId "12923486"]
[EventCountry "GER"]
[EventRounds "7"]
[EventType "team-swiss"]
[EventDate "2011.12.26"]

1. e4 c5 2. d4 cxd4 3. c3 dxc3 4. Nxc3 Nc6 5. Nf3 e6 6. Bc4 a6 7. O-O d6 8. Bf4
b5 9. Bb3 Ra7 10. Qe2 Nge7 11. Rfd1 Rd7 12. Bg3 Ng6 13. Rac1 Na5 14. h4 Nxb3
15. axb3 Be7 16. h5 Nf8 17. Nd4 Bb7 18. Na2 e5 19. Nc6 Bxc6 20. Rxc6 Ne6 21.
Rxa6 Nd4 22. Qg4 O-O 23. Nb4 h6 24. Nc6 Nxc6 25. Rxc6 Bf6 26. Rd5 b4 27. Rb5
Ra7 28. Rxb4 Ra1+ 29. Kh2 Qa5 30. Rcb6 Qc5 31. Rb8 Qc7 32. Rxf8+ Kxf8 33. Rc4
Qb7 34. Bh4 Bxh4 35. Rc8+ Ke7 36. Qxh4+ f6 37. Qg4 g5 38. hxg6 Re1 39. g7 Rxe4
40. g8=N+ Kf7 41. Nxh6+ 1-0

[Event "DVM U14 2011"]
[Site "Lingen (Ems) GER"]
[Date "2011.12.27"]
[Round "1"]
[White "Knorre, Jonas"]
[Black "Angrick, Philipp"]
[Result "1/2-1/2"]
[Termination "normal"]
[Board "5.3"]
[WhiteElo "1728"]
[BlackElo "1821"]
[WhiteTeam "SV Medizin Erfurt"]
[BlackTeam "BSG Grün-Weiß Leipzig"]
[WhiteFideId "24696900"]
[BlackFideId "12912298"]
[EventCountry "GER"]
[EventRounds "7"]
[EventType "team-swiss"]
[EventDate "2011.12.26"]

1. e4 c5 2. d4 cxd4 3. c3 d3 4. Bxd3 Nc6 5. Nd2 g6 6. f4 Bg7 7. Ngf3 Nf6 8. O-O
O-O 9. Nb3 d6 10. h3 b6 11. Nbd4 Bb7 12. Qe1 Nd7 13. f5 Nce5 14. Bc2 Nc5 15.
fxg6 fxg6 16. Ng5 Rxf1+ 17. Qxf1 Qd7 18. b4 Rf8 19. Qe2 Ba6 20. b5 Bb7 21. Ba3
h6 22. Bxc5 bxc5 23. Nge6 Rf6 24. Bb3 c4 25. Bxc4 Nxc4 26. Qxc4 d5 27. Qc7 Qxc7
28. Nxc7 dxe4 29. Ne8 Rb6 30. Nxg7 Kxg7 31. c4 e5 32. c5 Rf6 33. Nc2 Kf7 34.
Rd1 Ke7 35. Nb4 Ke6 36. a4 e3 37. Re1 Rf4 38. c6 Bc8 39. Nd3 Rd4 40. Rxe3 e4
41. Nf4+ Kd6 42. Nxg6 Rxa4 43. Rb3 a6 44. b6 Kxc6 45. Ne7+ Kb7 46. Nxc8 Kxc8
47. b7+ Kb8 48. Kf2 Ra2+ 49. Ke3 Rxg2 50. Kxe4 Rg7 51. Rb6 Rxb7 52. Rxa6 Rb4+
53. Kf3 h5 1/2-1/2

[Event "DVM U14 2011"]
[Site "Lingen (Ems) GER"]
[Date "2011.12.27"]
[Round "1"]
[White "Schaefer, Matthes"]
[Black "Nguyen, Ha Thanh"]
[Result "1-0"]
[Termination "normal"]
[Board "5.4"]
[WhiteElo "1330"]
[BlackElo "1139"]
[WhiteTeam "BSG Grün-Weiß Leipzig"]
[BlackTeam "SV Medizin Erfurt"]
[WhiteFideId "12946117"]
[BlackFideId "12942154"]
[EventCountry "GER"]
[EventRounds "7"]
[EventType "team-swiss"]
[EventDate "2011.12.26"]

1. e4 c5 2. d4 cxd4 3. c3 dxc3 4. Nxc3 Nc6 5. Nf3 Nf6 6. e5 Ng4 7. Bf4 Qb6 8.
Qe2 e6 9. h3 Nh6 10. Nb5 Bb4+ 11. Bd2 Bxd2+ 12. Qxd2 O-O 13. Rc1 a6 14. Nd6 Nf5
15. Nc4 Qc7 16. Bd3 Nce7 17. Qg5 b5 18. Nd6 Qa5+ 19. Nd2 Nxd6 20. exd6 Nd5 21.
a3 b4 22. Nb3 Qa4 23. Nc5 Qa5 24. Nb3 Qa4 25. Qh4 h6 26. Nc5 Qa5 27. axb4 Nxb4
28. O-O Nxd3 29. Nxd3 Qd5 30. Rfd1 Qxd6 31. Nc5 Qb6 32. b4 Rb8 33. Rc4 d5 34.
Rg4 Kh8 35. Rb1 e5 36. Rg3 Bf5 37. Rb2 d4 38. Qh5 Bg6 39. Qxe5 Rfd8 40. Nd3 Re8
41. Qd5 Rbd8 42. Qf3 a5 43. bxa5 Qxa5 44. Qg4 Qa1+ 45. Kh2 Rg8 46. Rb4 Qc3 47.
Rb7 Rdf8 48. Ne5 d3 49. Nxg6+ fxg6 50. Qxg6 Rd8 51. Rf7 Qe5 52. f4 Qd4 53. Rg5
d2 54. Rh5 Qd6 55. Rxh6+ gxh6 56. Rh7# 1-0

[Event "DVM U14 2011"]
[Site "Lingen (Ems) GER"]
[Date "2011.12.27"]
[Round "1"]
[White "Petrashov, Alexander"]
[Black "Sabirov, Ramil"]
[Result "0-1"]
[Termination "normal"]
[Board "6.1"]
[WhiteElo "1751"]
[BlackElo "1720"]
[WhiteTeam "SW  Nürnberg Süd"]
[BlackTeam "SG Porz"]
[WhiteFideId "24662461"]
[BlackFideId "12900303"]
[EventCountry "GER"]
[EventRounds "7"]
[EventType "team-swiss"]
[EventDate "2011.12.26"]

1. d4 Nf6 2. c4 g6 3. Nc3 d5 4. Nf3 Bg7 5. Bf4 c5 6. Nb5 Na6 7. Qd2 Ne4 8. Qc2
Bf5 9. Qa4 O-O 10. a3 cxd4 11. Nbxd4 Qb6 12. c5 Qxb2 13. Rc1 Naxc5 14. Qb5 Bxd4
15. Nxd4 Qxd4 16. Be3 Qa4 17. Rxc5 Nxc5 18. Qxc5 Rac8 19. Qb4 Qc2 20. g3 a5 21.
Qd2 Qb1+ 22. Qd1 Qxd1+ 23. Kxd1 b5 24. Bg2 e6 25. h3 e5 26. Bb6 a4 27. g4 Be6
28. Kd2 d4 29. Ba5 f5 30. Bb4 Rfd8 31. Bb7 Rb8 32. Ba5 Bd5 33. Bxd8 Bxh1 34.
Bxh1 Rxd8 35. Bc6 Rb8 36. e3 fxg4 37. hxg4 h5 38. exd4 exd4 39. gxh5 gxh5 40.
Kd3 b4 41. axb4 Rxb4 42. f4 Kg7 43. Bd5 h4 44. Ke2 a3 45. Kd3 h3 46. f5 h2 47.
f6+ Kxf6 48. Kc2 a2 49. Bxa2 h1=Q 50. Bd5 Qxd5 51. Kd2 Rb3 52. Kd1 Qg2 53. Kc1
d3 54. Kd1 0-1

[Event "DVM U14 2011"]
[Site "Lingen (Ems) GER"]
[Date "2011.12.27"]
[Round "1"]
[White "Brungs, Sven"]
[Black "Meulner, Fabian"]
[Result "1-0"]
[Termination "normal"]
[Board "6.2"]
[WhiteElo "1516"]
[BlackElo "1812"]
[WhiteTeam "SG Porz"]
[BlackTeam "SW  Nürnberg Süd"]
[WhiteFideId "12946257"]
[BlackFideId "12913936"]
[EventCountry "GER"]
[EventRounds "7"]
[EventType "team-swiss"]
[EventDate "2011.12.26"]

1. d4 d6 2. Nf3 g6 3. e4 Nf6 4. Nc3 Bg7 5. h3 c5 6. d5 Qa5 7. Bd2 a6 8. Bd3 O-O
9. a4 Qc7 10. Bc4 Re8 11. O-O Nbd7 12. a5 b5 13. axb6 Nxb6 14. Be2 Bb7 15. Bf4
Nfd7 16. Qd2 c4 17. Rfb1 Nc5 18. Qe3 e5 19. Bh2 Rf8 20. Nd2 Ncd7 21. Na4 f5 22.
f3 Nxa4 23. Rxa4 Nb6 24. Rb4 Bh6 25. Qxb6 Qxb6+ 26. Rxb6 Be3+ 27. Kh1 Bxb6 28.
Nxc4 Bc7 29. Bg3 a5 30. Na3 Bb6 31. Rd1 Bc5 32. Rb1 Ba6 33. c4 Rab8 34. Nb5
fxe4 35. fxe4 Bxb5 36. cxb5 Bf2 37. Bh2 Rfc8 38. Bd3 Rc5 39. Bg1 Bxg1 40. Kxg1
Rbc8 41. Kf2 Ra8 42. Ra1 Rc7 43. Ke3 Kf7 44. Rf1+ Ke7 45. Ra1 Rcc8 46. Ke2 Kd7
47. Rf1 Rf8 48. Rc1 Rfc8 49. Rf1 Ke7 50. Ra1 Rc7 51. Ke3 Kd8 52. Rf1 Kc8 53. b6
Re7 54. Bb5 Kb7 55. Bc6+ Kxb6 56. Bxa8 Rc7 57. Bc6 1-0